00799nam a2200205Ia 4500008004100000020001500041040001800056041000800074100001900082245017600101260003900277300003300316500003800349500004600387504004700433650003300480650001400513650003200527650003400559130821s2006 sp a gr spa  a8423423379 aCo-BoUCMbspa00aspa1 aSimons, Robert13aLas claves de las organizaciones de alto rendimiento diseño organizativo y sistemas de control para mejorar la eficiencia y el compromiso de las personascRobert Simons aBarcelona (España)bDeustoc2006 a273 páginasbilustraciones aDonación Dr. Guillermo Galán. aUn libro de Harvard Business School Press aIncluye bibliografía e índice general.04aAdministración de empresas04aLiderazgo04aPlanificación empresarial04aPlanificación estratégica